[Event "RA-2016-0-00486"]
[Site "LSS email"]
[Date "2016.12.07"]
[Round "?"]
[White "Kahl, Fred"]
[Black "Kravchenko, Daniil"]
[Result "1-0"]
[WhiteElo "2363"]
[BlackElo "2113"]
[PlyCount "111"]
[EventDate "2016.11.07"]
[EventType "tourn (corr)"]
[EventRounds "6"]
[EventCountry "GER"]
[SourceTitle "Corr 2022"]
[Source "ChessBase"]
[SourceDate "2021.10.24"]
[SourceVersion "1"]
[SourceVersionDate "2021.10.24"]
[SourceQuality "1"]

1. e4 c5 2. Nc3 d6 3. f4 g6 4. Nf3 Bg7 5. Bb5+ Nc6 6. Bxc6+ bxc6 7. 0-0 Nf6 8. d3 0-0 9. Qe1 Bg4 10. Nd2 Bd7 11. Qh4 Ng4 12. Nf3 Bf6 13. Qe1 Bg7 14. h3 Nf6 15. b3 Re8 16. Bd2 Qc7 17. Qh4 h6 18. Rae1 Rab8 19. e5 Nh7 20. g4 c4 21. dxc4 Rbd8 22. Re2 Qb6+ 23. Kh2 Qc7 24. Qe1 Qb8 25. Ne4 c5 26. Ng3 Bc6 27. e6 Bxf3 28. exf7+ Kxf7 29. Rxf3 Qb7 30. Rff2 d5 31. g5 hxg5 32. f5 Bf6 33. fxg6+ Kxg6 34. cxd5 Qxd5 35. c4 Qd7 36. h4 a6 37. Re6 Nf8 38. Re4 Nh7 39. Qe2 Qxd2 40. Qh5+ Kg7 41. Rxd2 Rxd2+ 42. Kh3 Red8 43. Rg4 R2d3 44. hxg5 Nxg5+ 45. Rxg5+ Bxg5 46. Qxg5+ Kf7 47. Qh5+ Kf6 48. Qf5+ Kg7 49. Qxc5 Kf7 50. Qf5+ Ke8 51. Qg6+ Kf8 52. Kg4 R8d6 53. Qf5+ Ke8 54. Ne4 R3d4 55. Qe5 Kd7 56. Kf5 1-0

[Event "RA-2016-0-00486"]
[Site "LSS email"]
[Date "2016.12.07"]
[Round "?"]
[White "Kravchenko, Daniil"]
[Black "Daanen, Aard"]
[Result "1/2-1/2"]
[WhiteElo "2113"]
[BlackElo "2194"]
[PlyCount "60"]
[EventDate "2016.11.07"]
[EventType "tourn (corr)"]
[EventRounds "6"]
[EventCountry "GER"]
[SourceTitle "Corr 2022"]
[Source "ChessBase"]
[SourceDate "2021.10.24"]
[SourceVersion "1"]
[SourceVersionDate "2021.10.24"]
[SourceQuality "1"]

1. d4 Nf6 2. c4 g6 3. Nc3 d5 4. cxd5 Nxd5 5. e4 Nxc3 6. bxc3 Bg7 7. Nf3 c5 8. Rb1 0-0 9. Be2 cxd4 10. cxd4 Qa5+ 11. Qd2 Qxd2+ 12. Bxd2 b6 13. 0-0 e6 14. Rfe1 Bb7 15. Bb5 h6 16. Bd3 Rd8 17. Be3 Nc6 18. e5 Bf8 19. Be4 Rab8 20. a4 Kg7 21. h4 Nb4 22. Bxb7 Rxb7 23. Rec1 Nd5 24. Nd2 a6 25. Kf1 b5 26. axb5 axb5 27. Ne4 b4 28. Rc2 b3 29. Rcb2 Rdb8 30. Ra1 Rb4 1/2-1/2

[Event "SA-2015-0-00473"]
[Site "LSS email"]
[Date "2015.06.16"]
[Round "?"]
[White "Kravchenko, Daniil"]
[Black "Bukarin, Mikhail"]
[Result "1/2-1/2"]
[WhiteElo "2114"]
[BlackElo "2224"]
[PlyCount "36"]
[EventDate "2015.05.04"]
[EventType "tourn (corr)"]
[EventRounds "6"]
[EventCountry "GER"]
[SourceTitle "Corr 2022"]
[Source "ChessBase"]
[SourceDate "2021.10.24"]
[SourceVersion "1"]
[SourceVersionDate "2021.10.24"]
[SourceQuality "1"]

1. d4 Nf6 2. c4 g6 3. Nc3 Bg7 4. e4 d6 5. Be2 0-0 6. Nf3 e5 7. dxe5 dxe5 8. 0-0 Nc6 9. Qxd8 Rxd8 10. Bg5 Rf8 11. Rad1 Bg4 12. Rfe1 h6 13. Be3 Rad8 14. Rxd8 Rxd8 15. Rd1 Rxd1+ 16. Bxd1 Be6 17. h3 Bxc4 18. Ba4 Nd7 1/2-1/2

[Event "SA-2015-0-00459"]
[Site "LSS email"]
[Date "2015.01.22"]
[Round "?"]
[White "Kravchenko, Daniil"]
[Black "Kushnaryov, Andrey"]
[Result "1/2-1/2"]
[WhiteElo "2119"]
[BlackElo "2119"]
[PlyCount "42"]
[EventDate "2014.12.28"]
[EventType "tourn (corr)"]
[EventRounds "6"]
[EventCountry "GER"]
[SourceTitle "Corr 2022"]
[Source "ChessBase"]
[SourceDate "2021.10.24"]
[SourceVersion "1"]
[SourceVersionDate "2021.10.24"]
[SourceQuality "1"]

1. d4 Nf6 2. Nf3 e6 3. c4 c5 4. d5 b5 5. dxe6 fxe6 6. Nc3 b4 7. Nb5 d6 8. a3 a6 9. axb4 Bb7 10. Na3 cxb4 11. Nc2 Nbd7 12. Nxb4 d5 13. Nc2 dxc4 14. e3 Bd5 15. Be2 Be7 16. 0-0 0-0 17. Ncd4 Qb6 18. Nd2 Rfc8 19. Nb1 Bd6 20. Nc3 Nc5 21. Nf5 Bf8 1/2-1/2

[Event "SA-2015-0-00459"]
[Site "LSS email"]
[Date "2015.01.22"]
[Round "?"]
[White "Zholob, Anatolij"]
[Black "Kravchenko, Daniil"]
[Result "1-0"]
[WhiteElo "2116"]
[BlackElo "2119"]
[PlyCount "81"]
[EventDate "2014.12.28"]
[EventType "tourn (corr)"]
[EventRounds "6"]
[EventCountry "GER"]
[SourceTitle "Corr 2022"]
[Source "ChessBase"]
[SourceDate "2021.10.24"]
[SourceVersion "1"]
[SourceVersionDate "2021.10.24"]
[SourceQuality "1"]

1. d4 e6 2. c4 d5 3. Nc3 Nf6 4. Nf3 Be7 5. Bf4 0-0 6. e3 Nbd7 7. c5 c6 8. Bd3 b6 9. b4 a5 10. a3 Ba6 11. Bxa6 Rxa6 12. b5 cxb5 13. c6 Qc8 14. c7 b4 15. Nb5 Ne4 16. 0-0 bxa3 17. Qc2 Qb7 18. Ng5 Bb4 19. Nxh7 Kxh7 20. f3 Rc8 21. fxe4 dxe4 22. Bd6 f5 23. Qc4 Qd5 24. Qxd5 exd5 25. Rxf5 Kg6 26. Rf4 Nf6 27. Be5 a4 28. Bxf6 gxf6 29. Raf1 Be7 30. Rf5 Ra5 31. Rxd5 Kf7 32. g4 Ke6 33. Rh5 Kd7 34. h4 Kc6 35. d5+ Kb7 36. d6 Rxb5 37. Rxb5 Bxd6 38. Rxf6 Bc5 39. Kg2 Rxc7 40. g5 Ka6 41. Rb1 1-0

[Event "SA-2015-0-00459"]
[Site "LSS email"]
[Date "2015.01.21"]
[Round "?"]
[White "Susla, Vitaliy"]
[Black "Kravchenko, Daniil"]
[Result "1-0"]
[WhiteElo "2278"]
[BlackElo "2119"]
[PlyCount "173"]
[EventDate "2014.12.28"]
[EventType "tourn (corr)"]
[EventRounds "6"]
[EventCountry "GER"]
[SourceTitle "Corr 2022"]
[Source "ChessBase"]
[SourceDate "2021.10.24"]
[SourceVersion "1"]
[SourceVersionDate "2021.10.24"]
[SourceQuality "1"]

1. e4 c5 2. Nf3 d6 3. d4 cxd4 4. Nxd4 Nf6 5. Nc3 a6 6. Be2 e6 7. a4 Be7 8. 0-0 0-0 9. f4 e5 10. Nb3 Nc6 11. Be3 Re8 12. a5 Be6 13. Nd5 Nxe4 14. Bb6 Qd7 15. Nc7 exf4 16. Bd3 f5 17. Bxe4 fxe4 18. Rxf4 Bxb3 19. cxb3 Rf8 20. Rxe4 Rac8 21. Qd5+ Rf7 22. Rf1 Bf6 23. b4 Rcf8 24. Ne6 Rc8 25. h3 Ne7 26. Qb3 Ng6 27. Ree1 d5 28. Rf5 Rc4 29. Bc5 Ne7 30. Qg3 Nxf5 31. Qb8+ Bd8 32. Nxd8 Rxc5 33. Nxf7+ Rc8 34. Ne5 Qc7 35. Qxc7 Rxc7 36. Nd3 Ne7 37. Re6 Kf7 38. Rd6 Ke8 39. b5 axb5 40. Rb6 Kd7 41. Rxb5 g6 42. g4 d4 43. Kf2 Kd6 44. Rb6+ Kd5 45. Ke2 Nc8 46. Rb5+ Kc4 47. Rb4+ Kd5 48. Nf4+ Ke5 49. Kf3 Na7 50. Rb6 Nc6 51. Rb5+ Kd6 52. Rd5+ Ke7 53. Nd3 Ke6 54. Ke4 Re7 55. b4 Kf7+ 56. Kf4 Ke6 57. Rb5 Kd6 58. Nc5 Nd8 59. Ne4+ Kc7 60. Rc5+ Kb8 61. Rd5 Rf7+ 62. Kg5 Ne6+ 63. Kh6 Rf3 64. Kxh7 Rxh3+ 65. Kg8 Re3 66. Nf6 Kc8 67. Nd7 Rf3 68. Nb6+ Kc7 69. b5 Rf8+ 70. Kh7 Rf2 71. Nc4 g5 72. Ne5 Kb8 73. Rd6 Rf6 74. Rd7 Ka7 75. Rd5 Rf8 76. b6+ Ka6 77. Nd3 Rf7+ 78. Kg6 Nf4+ 79. Nxf4 Rxf4 80. Kxg5 Rf2 81. Rxd4 Kb5 82. Rd7 Ka6 83. Kg6 Ra2 84. g5 Kxa5 85. Rd6 Rf2 86. Kg7 Kb5 87. g6 1-0

[Event "Malaya Zemlya op"]
[Site "Novorossiysk"]
[Date "2014.07.10"]
[Round "3"]
[White "Kravchenko, Daniil"]
[Black "Khalin, Valeriy"]
[Result "1/2-1/2"]
[WhiteElo "1764"]
[BlackElo "1629"]
[PlyCount "78"]
[EventDate "2014.07.08"]
[EventType "swiss"]
[EventRounds "9"]
[EventCountry "RUS"]
[SourceTitle "CBM 161 Extra"]
[Source "ChessBase"]
[SourceDate "2014.08.29"]
[SourceVersion "1"]
[SourceVersionDate "2014.08.29"]
[SourceQuality "1"]

1. d4 d5 2. c4 c6 3. cxd5 cxd5 4. Bf4 Nc6 5. e3 Nf6 6. Bd3 e6 7. Nc3 Bd6 8. Bxd6 Qxd6 9. f4 Bd7 10. Nf3 a6 11. Ne5 Ng8 12. 0-0 g6 13. Na4 Rb8 14. Nc5 Bc8 15. Rc1 Nge7 16. Qc2 Nxe5 17. fxe5 Qb6 18. Qa4+ Kf8 19. Qc2 Ke8 20. Rf2 Rf8 21. Qa4+ Qc6 22. Qxc6+ bxc6 23. Bxa6 Bxa6 24. Nxa6 Rb6 25. Nc5 Nf5 26. Rc3 Ke7 27. a4 Ra8 28. b3 h5 29. Kf1 Ke8 30. Ke1 Ke7 31. Kd1 Ng7 32. Kc2 Ne8 33. Kb2 Nc7 34. Ka3 Nb5+ 35. Kb2 Nxc3 36. Kxc3 Ke8 37. Rf1 Ke7 38. Rf2 Ke8 39. Rf1 Ke7 1/2-1/2

[Event "SB-2014-0-00359"]
[Site "LSS email"]
[Date "2014.03.30"]
[Round "?"]
[White "Herzog, Klaus"]
[Black "Kravchenko, Daniil"]
[Result "0-1"]
[WhiteElo "1757"]
[BlackElo "1989"]
[PlyCount "88"]
[EventDate "2014.03.06"]
[EventType "tourn (corr)"]
[EventRounds "6"]
[EventCountry "GER"]
[SourceTitle "Corr 2015"]
[Source "ChessBase"]
[SourceDate "2015.07.17"]
[SourceVersion "1"]
[SourceVersionDate "2015.07.17"]
[SourceQuality "1"]

1. e4 e5 2. Nf3 Nc6 3. Bb5 a6 4. Ba4 Nf6 5. 0-0 Be7 6. Bxc6 dxc6 7. d3 Bd6 8. Nbd2 Be6 9. b3 Nd7 10. Nc4 0-0 11. Ne3 Re8 12. Qe2 Qf6 13. Bb2 Nf8 14. a4 Ng6 15. g3 Bh3 16. Rfe1 Rad8 17. Nd2 Qg5 18. Nf3 Qe7 19. Bc3 f6 20. Nd2 Qd7 21. b4 b6 22. Ndc4 Bf8 23. Red1 Ra8 24. Qf3 Be6 25. Rdb1 Nh8 26. h4 Nf7 27. Nf5 Red8 28. Kg2 c5 29. Nce3 g6 30. g4 Rab8 31. bxc5 Bxc5 32. Bb4 Bxb4 33. Rxb4 Rf8 34. Rbb1 Nd8 35. Ng3 Nc6 36. h5 Nd4 37. Qd1 f5 38. gxf5 gxf5 39. exf5 Bxf5 40. Nexf5 Nxf5 41. Qg4+ Kh8 42. Qe4 Rbe8 43. c3 Nd6 44. Qd5 c6 0-1

[Event "SB-2014-0-00359"]
[Site "LSS email"]
[Date "2014.03.30"]
[Round "?"]
[White "Hoehne, Volkmar"]
[Black "Kravchenko, Daniil"]
[Result "0-1"]
[WhiteElo "1830"]
[BlackElo "1989"]
[PlyCount "100"]
[EventDate "2014.03.06"]
[EventType "tourn (corr)"]
[EventRounds "6"]
[EventCountry "GER"]
[SourceTitle "Corr 2015"]
[Source "ChessBase"]
[SourceDate "2015.07.17"]
[SourceVersion "1"]
[SourceVersionDate "2015.07.17"]
[SourceQuality "1"]

1. e4 c5 2. Nf3 d6 3. d4 cxd4 4. Nxd4 Nf6 5. Nc3 a6 6. Bg5 e6 7. f4 h6 8. Bh4 Qb6 9. a3 Be7 10. Bf2 Qc7 11. Qf3 Nbd7 12. 0-0-0 b5 13. Bd3 Bb7 14. Rhe1 Nc5 15. Kb1 0-0 16. Qh3 Rad8 17. Bh4 Rb8 18. g4 Nh7 19. Bxe7 Qxe7 20. Qg3 Ba8 21. e5 dxe5 22. Bxh7+ Kxh7 23. Rxe5 b4 24. axb4 Rxb4 25. g5 Rd8 26. gxh6 g6 27. Qf2 Nd7 28. Ree1 Nf6 29. Na2 Rc4 30. Nc3 Qb4 31. Qh4 Rb8 32. Nb3 Rxf4 33. Qg5 Rf5 34. Qg3 Bd5 35. Nxd5 Nxd5 36. Rf1 Rxf1 37. Rxf1 f6 38. Qd3 a5 39. c4 a4 40. cxd5 axb3 41. Rg1 f5 42. dxe6 Rb6 43. Qd5 Rb5 44. Qd7+ Kxh6 45. Qd3 Re5 46. Qh3+ Kg7 47. Qc3 Qe4+ 48. Kc1 f4 49. Rf1 g5 50. Rd1 f3 0-1

[Event "SB-2014-0-00359"]
[Site "LSS email"]
[Date "2014.03.30"]
[Round "?"]
[White "Kravchenko, Daniil"]
[Black "Sarakenidis, Nikolaos"]
[Result "1/2-1/2"]
[WhiteElo "1989"]
[BlackElo "2249"]
[PlyCount "76"]
[EventDate "2014.03.06"]
[EventType "tourn (corr)"]
[EventRounds "6"]
[EventCountry "GER"]
[SourceTitle "Corr 2015"]
[Source "ChessBase"]
[SourceDate "2015.07.17"]
[SourceVersion "1"]
[SourceVersionDate "2015.07.17"]
[SourceQuality "1"]

1. d4 e6 2. c4 Nf6 3. Nf3 d5 4. Nc3 Bb4 5. Bg5 h6 6. Bxf6 Qxf6 7. e3 0-0 8. Rc1 Nc6 9. Bd3 dxc4 10. Bxc4 Bxc3+ 11. bxc3 b6 12. Bd3 Bb7 13. 0-0 Rfd8 14. Be4 Na5 15. Bxb7 Nxb7 16. Ne5 c5 17. f4 Rac8 18. Qa4 Na5 19. dxc5 Qe7 20. cxb6 Qc5 21. bxa7 Qxe3+ 22. Kh1 Qxa7 23. Rfd1 Qc7 24. h3 Nb7 25. Rxd8+ Rxd8 26. Qa7 f6 27. Rb1 Qxc3 28. Ng6 Nc5 29. Rb8 Qe1+ 30. Kh2 Rxb8 31. Qxb8+ Kf7 32. Nh8+ Ke7 33. Qc7+ Nd7 34. Ng6+ Kf7 35. Ne5+ fxe5 36. Qxd7+ Kf6 37. Qd8+ Kf5 38. Qf8+ Kg6 1/2-1/2

[Event "SB-2014-0-00351"]
[Site "LSS email"]
[Date "2014.02.03"]
[Round "?"]
[White "Kravchenko, Daniil"]
[Black "Obukhov, Gennady Nikolaevich"]
[Result "1/2-1/2"]
[WhiteElo "1977"]
[BlackElo "1847"]
[PlyCount "48"]
[EventDate "2014.01.06"]
[EventType "tourn (corr)"]
[EventRounds "6"]
[EventCountry "GER"]
[SourceTitle "Corr 2015"]
[Source "ChessBase"]
[SourceDate "2015.07.17"]
[SourceVersion "1"]
[SourceVersionDate "2015.07.17"]
[SourceQuality "1"]

1. d4 d5 2. Nf3 c5 3. c4 Nf6 4. cxd5 cxd4 5. Qxd4 Qxd5 6. Nc3 Qxd4 7. Nxd4 a6 8. g3 e5 9. Nb3 Nc6 10. Bg2 a5 11. 0-0 a4 12. Nd2 Be6 13. Nb5 Rc8 14. b3 Bc5 15. Nc4 Bxc4 16. bxc4 0-0 17. Rb1 Na5 18. Nc3 Bd4 19. Nd5 Rxc4 20. Bd2 Nxd5 21. Bxd5 Rc5 22. Bf3 Rfc8 23. Bb4 Rb5 24. Be4 Bc5 1/2-1/2

[Event "SB-2013-0-00322"]
[Site "LSS email"]
[Date "2013.08.27"]
[Round "?"]
[White "Kravchenko, Daniil"]
[Black "Vodicka, Milan"]
[Result "1-0"]
[WhiteElo "1938"]
[BlackElo "1889"]
[PlyCount "59"]
[EventDate "2013.07.12"]
[EventType "tourn (corr)"]
[EventRounds "6"]
[EventCountry "GER"]
[SourceTitle "Telechess CBM 167"]
[Source "ChessBase"]
[SourceDate "2015.07.13"]
[SourceVersion "1"]
[SourceVersionDate "2015.07.13"]
[SourceQuality "1"]

1. d4 e6 2. c4 Nf6 3. Nf3 b6 4. g3 Ba6 5. Qa4 Bb7 6. Bg2 c5 7. dxc5 Bxc5 8. 0-0 0-0 9. Nc3 Be7 10. Bf4 Na6 11. Rfd1 Nc5 12. Qc2 Qc8 13. Rd4 d5 14. Rc1 Nce4 15. Nxe4 dxe4 16. Ne5 Bc5 17. Rdd1 h6 18. a3 g5 19. Be3 Qc7 20. Qc3 a5 21. b4 Bxe3 22. fxe3 axb4 23. axb4 Rac8 24. Bh3 Qe7 25. Rf1 b5 26. c5 Nd5 27. Qd4 Rcd8 28. Bg2 Nf4 29. Qb2 Nxg2 30. Kxg2 1-0

[Event "RB-2012-0-00201"]
[Site "LSS email"]
[Date "2013.01.13"]
[Round "?"]
[White "Kravchenko, Daniil"]
[Black "Korchut, Adam"]
[Result "1-0"]
[WhiteElo "1867"]
[BlackElo "1818"]
[PlyCount "105"]
[EventDate "2012.12.11"]
[EventType "tourn (corr)"]
[EventRounds "6"]
[EventCountry "GER"]
[SourceTitle "Telechess CBM 159"]
[Source "ChessBase"]
[SourceDate "2014.03.17"]
[SourceVersion "1"]
[SourceVersionDate "2014.03.17"]
[SourceQuality "1"]

1. d4 d5 2. c4 dxc4 3. e3 e5 4. Bxc4 exd4 5. exd4 Bb4+ 6. Nc3 Nf6 7. Nf3 0-0 8. 0-0 Bg4 9. h3 Bh5 10. g4 Bg6 11. Qb3 a5 12. Bg5 Nc6 13. Rad1 Qd6 14. Nb5 a4 15. Qe3 Qe7 16. a3 Ba5 17. Ne5 Rfe8 18. Nxg6 hxg6 19. Qf3 Rab8 20. Rd3 Bb6 21. Rfd1 Red8 22. Re3 Qf8 23. Bxf6 gxf6 24. Qxf6 Qg7 25. Qf4 Rd7 26. Rde1 Rf8 27. Re8 Nxd4 28. Nc3 Rd6 29. Rxf8+ Kxf8 30. Ne4 Rc6 31. Bd5 Ba5 32. Re3 Ne6 33. Bxe6 Rxe6 34. Rf3 Bb6 35. Nf6 Rxf6 36. Qxf6 Qxf6 37. Rxf6 Bc5 38. Rf4 b5 39. Kg2 Bd6 40. Re4 g5 41. Re2 f6 42. Kf3 Kf7 43. Ke4 Ke6 44. Rc2 c5 45. f4 Bf8 46. f5+ Kd7 47. Kd5 c4 48. Re2 Bd6 49. Re6 Be5 50. Rxe5 fxe5 51. Kc5 e4 52. Kd4 Kc6 53. Kxe4 1-0

[Event "RB-2012-0-00201"]
[Site "LSS email"]
[Date "2013.01.13"]
[Round "?"]
[White "Kravchenko, Daniil"]
[Black "Owens, Johnny"]
[Result "1/2-1/2"]
[WhiteElo "1867"]
[BlackElo "1877"]
[PlyCount "68"]
[EventDate "2012.12.11"]
[EventType "tourn (corr)"]
[EventRounds "6"]
[EventCountry "GER"]
[SourceTitle "Telechess CBM 159"]
[Source "ChessBase"]
[SourceDate "2014.03.17"]
[SourceVersion "1"]
[SourceVersionDate "2014.03.17"]
[SourceQuality "1"]

1. d4 Nf6 2. c4 c5 3. d5 b5 4. cxb5 a6 5. bxa6 g6 6. Nc3 Bxa6 7. e4 Bxf1 8. Kxf1 d6 9. f3 Bg7 10. Nge2 0-0 11. Be3 Nbd7 12. Qd2 Ne5 13. b3 c4 14. Rb1 Qc7 15. h3 e6 16. Kg1 cxb3 17. axb3 exd5 18. exd5 Qb7 19. Kh2 Rfe8 20. Rhd1 Ra3 21. Bf2 Rxb3 22. f4 Ned7 23. Nd4 Rxb1 24. Rxb1 Qc8 25. Ndb5 Bf8 26. Bd4 Qc4 27. Na3 Qc8 28. Rb4 Qd8 29. Nab5 Nc5 30. Qd1 Bh6 31. g3 Nfe4 32. Nxe4 Nxe4 33. Na7 Qa5 34. Nc6 Qa2+ 1/2-1/2

[Event "RB-2012-0-00201"]
[Site "LSS email"]
[Date "2013.01.13"]
[Round "?"]
[White "Ress, Jacques"]
[Black "Kravchenko, Daniil"]
[Result "1/2-1/2"]
[WhiteElo "1978"]
[BlackElo "1867"]
[PlyCount "64"]
[EventDate "2012.12.11"]
[EventType "tourn (corr)"]
[EventRounds "6"]
[EventCountry "GER"]
[SourceTitle "Telechess CBM 159"]
[Source "ChessBase"]
[SourceDate "2014.03.17"]
[SourceVersion "1"]
[SourceVersionDate "2014.03.17"]
[SourceQuality "1"]

1. d4 d5 2. c4 e6 3. Nc3 c6 4. e4 dxe4 5. Nxe4 Bb4+ 6. Nc3 Nf6 7. a3 Bxc3+ 8. bxc3 Qa5 9. Nf3 Nbd7 10. Be2 e5 11. 0-0 0-0 12. Qc2 Re8 13. h3 e4 14. Nd2 Nf8 15. c5 Nd5 16. Bb2 Nf4 17. Nxe4 Bf5 18. f3 Re6 19. Qd2 Nxe2+ 20. Qxe2 Qc7 21. Rae1 Rae8 22. Qc2 Qe7 23. Qf2 f6 24. Bc1 Bxe4 25. fxe4 Rxe4 26. Rxe4 Qxe4 27. Qb2 Qd5 28. Qxb7 Re2 29. Rf2 Re1+ 30. Rf1 Re2 31. Rf2 Re1+ 32. Rf1 Re2 1/2-1/2

[Event "SB-2012-0-00268"]
[Site "LSS email"]
[Date "2012.11.24"]
[Round "?"]
[White "Herzog, Klaus"]
[Black "Kravchenko, Daniil"]
[Result "0-1"]
[WhiteElo "1911"]
[BlackElo "1865"]
[PlyCount "40"]
[EventDate "2012.11.05"]
[EventType "tourn (corr)"]
[EventRounds "6"]
[EventCountry "GER"]
[SourceTitle "Telechess CBM 159"]
[Source "ChessBase"]
[SourceDate "2014.03.17"]
[SourceVersion "1"]
[SourceVersionDate "2014.03.17"]
[SourceQuality "1"]

1. e4 c5 2. Nf3 d6 3. d4 cxd4 4. Nxd4 Nf6 5. Nc3 a6 6. Be2 e5 7. Nb3 Be6 8. f4 Be7 9. f5 Bd7 10. 0-0 Bc6 11. Bf3 b5 12. Be3 Nbd7 13. Bf2 0-0 14. a3 a5 15. Re1 Qb8 16. Qd2 Bd8 17. Nc1 b4 18. Nd1 Nc5 19. Bxc5 dxc5 20. Ne3 Bxe4 0-1

[Event "SB-2012-0-00268"]
[Site "LSS email"]
[Date "2012.11.24"]
[Round "?"]
[White "Kravchenko, Daniil"]
[Black "Hammerschmidt, Volker"]
[Result "0-1"]
[WhiteElo "1865"]
[BlackElo "1877"]
[PlyCount "24"]
[EventDate "2012.11.05"]
[EventType "tourn (corr)"]
[EventRounds "6"]
[EventCountry "GER"]
[SourceTitle "Corr 2015"]
[Source "ChessBase"]
[SourceDate "2015.07.17"]
[SourceVersion "1"]
[SourceVersionDate "2015.07.17"]
[SourceQuality "1"]

1. d4 g6 2. e4 d6 3. Nf3 Bg7 4. Be2 Nf6 5. Nc3 c6 6. 0-0 0-0 7. a4 a5 8. h3 Nfd7 9. Be3 Na6 10. Qd2 Re8 11. Bc4 Nb6 12. Ng5 Nxc4 0-1

[Event "SB-2012-0-00268"]
[Site "LSS email"]
[Date "2012.11.24"]
[Round "?"]
[White "Lombart, Philippe"]
[Black "Kravchenko, Daniil"]
[Result "0-1"]
[WhiteElo "1807"]
[BlackElo "1865"]
[PlyCount "78"]
[EventDate "2012.11.05"]
[EventType "tourn (corr)"]
[EventRounds "6"]
[EventCountry "GER"]
[SourceTitle "Telechess CBM 159"]
[Source "ChessBase"]
[SourceDate "2014.03.17"]
[SourceVersion "1"]
[SourceVersionDate "2014.03.17"]
[SourceQuality "1"]

1. d4 d5 2. c4 e6 3. Nc3 Nf6 4. Nf3 dxc4 5. e4 b5 6. e5 Nd5 7. Nxb5 Nb6 8. Be2 Nc6 9. 0-0 Be7 10. Be3 0-0 11. Rc1 Bb7 12. Na3 Bxa3 13. bxa3 Rb8 14. Bxc4 Nxc4 15. Rxc4 Ne7 16. Rc3 Nf5 17. Qe2 Bd5 18. Rfc1 c6 19. Ne1 a5 20. Nd3 Qh4 21. g4 Ne7 22. Nf4 a4 23. Nxd5 cxd5 24. Rc7 h5 25. f3 Ng6 26. R7c6 Kh7 27. Kh1 hxg4 28. fxg4 f5 29. exf6 Qxf6 30. R6c2 Qf3+ 31. Kg1 Qh3 32. Rc3 Rf3 33. Qg2 Qxg2+ 34. Kxg2 Nh4+ 35. Kh1 Kg6 36. Bd2 Rb2 37. Rxf3 Nxf3 38. Bf4 Rxa2 39. Rf1 Rxa3 0-1

[Event "SC-2012-0-00151"]
[Site "LSS email"]
[Date "2012.07.23"]
[Round "?"]
[White "Kerecsenyi, Zoltan"]
[Black "Kravchenko, Daniil"]
[Result "0-1"]
[WhiteElo "1610"]
[BlackElo "1840"]
[PlyCount "168"]
[EventDate "2012.06.17"]
[EventType "tourn (corr)"]
[EventRounds "6"]
[EventCountry "GER"]
[SourceTitle "Telechess CBM 163"]
[Source "ChessBase"]
[SourceDate "2014.11.11"]
[SourceVersion "2"]
[SourceVersionDate "2014.11.11"]
[SourceQuality "1"]

1. Nf3 Nf6 2. g3 d5 3. c4 dxc4 4. Qa4+ Nc6 5. Qxc4 e5 6. Bg2 Be7 7. 0-0 Be6 8. Qa4 0-0 9. d3 h6 10. Nc3 Nd7 11. Qc2 Nf6 12. Be3 Ng4 13. Bd2 Re8 14. Ne4 Nf6 15. Rfd1 Nxe4 16. dxe4 Bd6 17. a3 a5 18. Be3 a4 19. Rd3 Na5 20. Re1 Bb3 21. Qc3 Nc4 22. Bh3 Qe7 23. Nd2 Nxd2 24. Rxd2 c5 25. Rc1 b6 26. Rd3 Red8 27. Bf5 Bc7 28. Qd2 Rd6 29. Rxd6 Bxd6 30. Rc3 Rd8 31. Qc1 Bc7 32. Rd3 Rxd3 33. exd3 Qd8 34. Qd2 h5 35. Bh3 Bd6 36. Bg2 g6 37. Bf3 Qd7 38. Bd1 Be6 39. Qc2 b5 40. h4 Qc7 41. Kg2 Be7 42. Be2 Bd6 43. Qd1 f6 44. f3 Kg7 45. Qc1 Qc8 46. Qc3 Qc7 47. Qc1 Qc8 48. Qc3 Be7 49. Qe1 Bd7 50. Kh2 Qc6 51. Bf1 Qd6 52. Qc1 Be6 53. Bd2 Kf7 54. Be3 Bf8 55. Qc2 Bb3 56. Qc1 Be7 57. Be2 Kg7 58. Kg2 Be6 59. Bh6+ Kh7 60. Bd2 Kg7 61. Bh6+ Kf7 62. Be3 Kg8 63. Qd2 b4 64. Qc2 Bb3 65. Qc1 Kf7 66. Bd2 Be6 67. Be1 Bf8 68. Bd2 Bb3 69. Bf1 Be6 70. Be2 Kg8 71. Be1 Kh7 72. Bf2 bxa3 73. bxa3 c4 74. dxc4 Qxa3 75. Qxa3 Bxa3 76. Bd1 Bd7 77. Kf1 Kg7 78. Ke2 Bb4 79. Kd3 f5 80. Kc2 fxe4 81. fxe4 Bg4 82. Bxg4 hxg4 83. Kb2 Kf7 84. c5 Ke7 0-1

[Event "SC-2012-0-00151"]
[Site "LSS email"]
[Date "2012.07.22"]
[Round "?"]
[White "Kravchenko, Daniil"]
[Black "Luers, Charles J"]
[Result "1-0"]
[WhiteElo "1840"]
[BlackElo "1769"]
[PlyCount "103"]
[EventDate "2012.06.17"]
[EventType "tourn (corr)"]
[EventRounds "6"]
[EventCountry "GER"]
[SourceTitle "Telechess CBM 163"]
[Source "ChessBase"]
[SourceDate "2014.11.11"]
[SourceVersion "2"]
[SourceVersionDate "2014.11.11"]
[SourceQuality "1"]

1. d4 Nf6 2. Nf3 g6 3. c4 Bg7 4. Nc3 d5 5. Bg5 Ne4 6. Bf4 Nxc3 7. bxc3 0-0 8. e3 c5 9. cxd5 Qxd5 10. Be2 Nc6 11. 0-0 cxd4 12. cxd4 Bf5 13. Qa4 Rac8 14. Rac1 Qa5 15. Qxa5 Nxa5 16. Nd2 Nc6 17. g4 Be6 18. a3 Rfd8 19. Bf3 f6 20. h3 Bd5 21. Bxd5+ Rxd5 22. Ne4 f5 23. gxf5 gxf5 24. Ng5 Bf6 25. Kh2 Bxg5 26. Rg1 h6 27. h4 Kf7 28. hxg5 hxg5 29. Rxg5 Rh8+ 30. Kg2 Kf6 31. Rb1 b6 32. Rc1 Nd8 33. Rg3 Nf7 34. Rc6+ e6 35. Bc7 Rd7 36. f3 Rh5 37. a4 Ke7 38. f4 Rh4 39. Rg6 Rg4+ 40. Rxg4 fxg4 41. Kg3 Nh6 42. Rc3 Nf5+ 43. Kxg4 Nxe3+ 44. Rxe3 Rxc7 45. d5 Rc4 46. Kg5 Rxa4 47. f5 e5 48. f6+ Kf8 49. Rh3 Rf4 50. Rh8+ Kf7 51. Rh7+ Ke8 52. Rxa7 1-0

[Event "SC-2012-0-00139"]
[Site "LSS email"]
[Date "2012.03.08"]
[Round "?"]
[White "Korostenski, Frank"]
[Black "Kravchenko, Daniil"]
[Result "0-1"]
[WhiteElo "1665"]
[BlackElo "1786"]
[PlyCount "68"]
[EventDate "2012.01.12"]
[EventType "tourn (corr)"]
[EventRounds "6"]
[EventCountry "GER"]
[SourceTitle "Telechess CBM 155"]
[Source "ChessBase"]
[SourceDate "2013.07.16"]
[SourceVersion "1"]
[SourceVersionDate "2013.07.16"]
[SourceQuality "1"]

1. e4 c6 2. Nc3 d5 3. Nf3 Nf6 4. e5 Ne4 5. d3 Nxc3 6. bxc3 c5 7. d4 Qa5 8. Bd2 c4 9. Be2 Qa4 10. 0-0 e6 11. Ne1 Nc6 12. f4 Bd7 13. Bg4 g6 14. Nf3 a6 15. Bh3 Na7 16. g3 Nb5 17. Bg2 Be7 18. Re1 Na3 19. Rc1 Qb5 20. Re2 Qb2 21. Ra1 Qxc2 22. Qf1 b5 23. g4 h5 24. h3 hxg4 25. hxg4 b4 26. cxb4 Qa4 27. f5 c3 28. Bg5 Bb5 29. fxg6 fxg6 30. Qe1 Bxe2 31. Qxe2 Qb5 32. Qe3 Nc2 33. Qxc3 Nxa1 34. Bf1 Rh1+ 0-1